000 01458mam a2200313 a 4500
005 20260322212014.0
008 data
010 _a 94136152
020 _a0713990597
020 _a9780713990591
040 _aCtY
_cYUS
042 _alcnccp
049 _aJHEE
050 1 4 _aBT301.2
_b.S254 1993
092 _a232.9 San 1993
100 1 _aSanders, E. P.
245 1 4 _aThe historical figure of Jesus /
_cE. P. Sanders.
250 _a1st ed.
260 _aLondon :
_bPenguin Press,
_bPenguin Press,
_c1993.
300 _axiii, 337 p. :
_bmap ;
_c23 cm.
504 _aIncludes bibliographical references and index.
505 0 _aMap of Palestine in the Time of Jesus -- 1. Introduction -- 2. An Outline of Jesus' Life -- 3. Political Setting -- 4. Judaism as a Religion -- 5. External Sources -- 6. The Problems of the Primary Sources -- 7. Two Contexts -- 8. The Setting and Method of Jesus' Ministry -- 9. The Beginning of Jesus' Ministry -- 10. Miracles -- 11. The Coming of the Kingdom -- 12. The Kingdom: Israel, Gentiles and Individuals -- 13. The Kingdom: Reversal of Values and Ethical Perfectionism -- 14. Contention and Opposition in Galilee -- 15. Jesus' View of His Role in God's Plan -- 16. Jesus' Last Week -- 17. Epilogue: The Resurrection.
600 0 0 _aJesus Christ
_vBiography.
600 0 0 _aJesus Christ
_vSources.
600 0 0 _aJesus Christ
_xHistoricity.
910 _a1665565
_bHorizon bib#
998 0 _ajbk
_ajbk
001 data
999 _c303
_d303